|
|
|
|
| LEADER |
01384nam a2200373Ia 4500 |
| 001 |
EBC308087 |
| 003 |
MiAaPQ |
| 005 |
20200520144314.0 |
| 006 |
m o d | |
| 007 |
cr cn||||||||| |
| 008 |
060803s2006 enk sb 001 0 eng d |
| 015 |
|
|
|a GBA682250
|2 bnb
|
| 020 |
|
|
|z 9781403974181 (hbk.) :
|
| 020 |
|
|
|z 1403974187 (hbk.) :
|
| 035 |
|
|
|a (MiAaPQ)EBC308087
|
| 035 |
|
|
|a (Au-PeEL)EBL308087
|
| 035 |
|
|
|a (CaPaEBR)ebr10156439
|
| 035 |
|
|
|a (CaONFJC)MIL136690
|
| 035 |
|
|
|a (OCoLC)137340923
|
| 040 |
|
|
|a MiAaPQ
|c MiAaPQ
|d MiAaPQ
|
| 050 |
|
4 |
|a HC427.92
|b L34 2006
|
| 082 |
0 |
4 |
|a 338.951
|2 22
|
| 100 |
1 |
|
|a Lai, Hongyi,
|d 1965-
|
| 245 |
1 |
0 |
|a Reform and the non-state economy in China
|h [electronic resource] :
|b the political economy of liberalization strategies /
|c Hongyi Harry Lai.
|
| 260 |
|
|
|a Basingstoke :
|b Palgrave Macmillan,
|c 2006.
|
| 300 |
|
|
|a xx, 291 p.
|
| 504 |
|
|
|a Includes bibliographical references and index.
|
| 533 |
|
|
|a Electronic reproduction. Ann Arbor, MI : ProQuest, 2015. Available via World Wide Web. Access may be limited to ProQuest affiliated libraries.
|
| 650 |
|
0 |
|a Economics.
|
| 651 |
|
0 |
|a China
|x Economic policy
|y 1976-2000.
|
| 651 |
|
0 |
|a China
|x Economic policy
|y 2000-
|
| 655 |
|
4 |
|a Electronic books.
|
| 710 |
2 |
|
|a ProQuest (Firm)
|
| 856 |
4 |
0 |
|u https://ebookcentral.proquest.com/lib/matrademy/detail.action?docID=308087
|z Click to View
|